000 00763nam a2200205 u 4500
001 000286314
003 AM-YeHGA
005 20250618071857.0
008 030926s1965 ai r 000 0 arm d
040 _aAM-YeHGA
041 0 _aarm
245 1 0 _aEnglish :
_bԱնգլերեն լեզվի դասագիրք հայկ. ութամյա դպր. VI և VII դաս. համար /
_cՄ.Խ. Գիլանյան, Վ.Ա. Ավթանդիլյան.
250 _a9-րդ հրատ.
260 _aԵրևան :
_bԼույս,
_c1965.
300 _a268 էջ :
_bնկ. ;
_c22 սմ.
500 _aԲառարան՝ էջ 232-261
650 1 4 _aԱնգլերեն լեզու
_vԴասագիրք
700 1 _aԱվթանդիլյան, Վահե Արմենակի,
_d1919-1978
_92280
090 _c106218
999 _c104897
_d104897